Antigua Roma : (Record no. 141793)

MARC details
000 -CABECERA
campo de control de longitud fija 00707nam a2200217 a 4500
005 - FECHA Y HORA DE LA ÚLTIMA TRANSACCIÓN
campo de control 20240323063642.0
008 - ELEMENTOS DE LONGITUD FIJA--INFORMACIÓN GENERAL
campo de control de longitud fija 991125s2005 mx 000 0 spa u
020 ## - NÚMERO INTERNACIONAL NORMALIZADO PARA LIBROS
Número Internacional Estándar del Libro 9685938040
035 ## - NÚMERO DE CONTROL DEL SISTEMA
Número de control de sistema UPN01000169687
049 ## - COLECCIÓN
Colección I
050 #4 - SIGNATURA TOPOGRÁFICA DE LA BIBLIOTECA DEL CONGRESO
Número de clasificación DG78
Número de documento/Ítem S7.2
100 1# - ASIENTO PRINCIPAL--NOMBRE PERSONAL
Nombre de persona Stroud, Jonathan
245 10 - MENCIÓN DE TÍTULO
Título Antigua Roma :
Resto del título guía a la gloria de la Roma imperial /
Mención de responsabilidad, etc. Jonathan Stroud ; tr. Carmen Navarrete.
260 ## - PUBLICACIÓN, DISTRIBUCIÓN, ETC.
Lugar de publicación, distribución, etc. México :
Nombre del editor, distribuidor, etc. Signo,
Fecha de publicación, distribución, etc. 2005.
300 ## - DESCRIPCIÓN FÍSICA
Extensión 31 p., 1 h. pleg. :
Otras características físicas il. col.
440 #0 - MENCIÓN DE SERIE/ASIENTO SECUNDARIO--TÍTULO
Título Viajeros, guías indispensables para viajar al pasado.
Nombre de parte o sección de la obra Club de lectores
500 ## - NOTA GENERAL
Nota general Con mapa desplegable
651 #4 - ASIENTO SECUNDARIO DE MATERIA - NOMBRE GEOGRAFICO
Nombre geográfico ROMA -
Subdivisión general CIVILIZACION
9 (RLIN) 6898
651 #4 - ASIENTO SECUNDARIO DE MATERIA - NOMBRE GEOGRAFICO
Nombre geográfico Roma
Subdivisión general Historia
9 (RLIN) 10013
905 ## - TIPO DE MATERIAL
Tipo de material Infantil
Holdings
Estado de retiro Estado de pérdida Fuente del sistema de clasificación o colocación Estado dañado No para préstamo Código de colección Localización permanente Ubicación/localización actual Ubicación en estantería Fecha de adquisición Total de préstamos Clasificación Código de barras Fecha visto por última vez Número de copia Tipo de ítem Koha
    Library of Congress Classification     Infantil Bib. Gregorio Torres Quintero Bib. Gregorio Torres Quintero Sala infantil Planta baja 10/05/2023 2 DG78 S7.2 261409 31/12/2020 1 Libro